Polskie produkcje telewizyjne - Statystyki

Ogólne statystyki
  • Ten quiz został rozwiązany 203 razy
  • Średni wynik to 7 z 10
Statystyki odpowiedzi
Odpowiedź % Poprawnych
Polski teleturniej, prowadzony w formie quizu. Jego charakterystyczną cechą, jest fakt iż uczestników jest dziesięciu, a wygra jeden. Jeden z dziesięciu
98%
Kolejny, prowadzony do teraz teleturniej, w którym zmierzają się ze sobą dwie drużyny, często rodziny. Członkowie odpowiadają na pytania z wcześniej zadawane ankietowanym, aby w finale odpowiedzieć na kolejną partię zagadek i w wyniku wygrać spore pieniądze. Familiada
94%
Stara komedia, opowiadająca o świecie bez mężczyzn. Seksmisja
78%
Serial opowiadający o losach legendarnego rozbójnika, mającego podobne ambicje do Robina Hood'a. Na końcu serialu, bohater niestety zostaje powieszony za bok. Janosik
75%
I znowu spotykamy się z komedią. W roli głównej widzimy Cezarego Pazurę. Dzisiaj na tyle trudno zdobyć go na płycie czy kasecie, że jeśli już taką dostaniemy, odpowiedź na pytanie "skąd masz?", może zabrzmieć tylko "Siara mi dał". Kiler
73%
Polski serial z Andrzejem Kopiczyńskim, wcielającym się w rolę warszawskiego inżyniera. Opowiada o człowieku w charakterystycznym okresie życia. Czterdziestolatek
70%
Film wyprodukowany w 1967 roku. Fabuła kręci się wokół dwóch skłóconych ze sobą rodzin, zmuszonych do wyprowadzenia się na "Ziemie Odzyskane". Sami Swoi
69%
Serial wojenny, ze Stanisławem Mikulskim w roli głównej. Opowiada o szpiegu, który aby wydobyć informacje o trzeciej Rzeszy, stawia na wagę więcej, niż własne życie. Stawka większa niż życie
69%
Po raz kolejny film komediowy. Tym razem akcja toczy się wokół receptury na tajemny napój, zmieniający rozmiar konsumującego. Kingsajz
46%
Polski serial telewizyjny, powstały w roku 1986. Jak mówi czołówka, główny bohater dobrze zna swój fach i trud. Na kłopoty... Bednarski
9%
Nie znaleziono quizów pasujących do podanych kryteriów
Rozkład punktacji
Procent ludzi z każdym wynikiem
Percentyl według liczby udzielonych odpowiedzi
Twoja historia wyników
Nie rozwiązałeś tego quizu